00685nam a2200181Ia 4500008004100000082002100041100002700062245004300089260004300132300001900175365002700194366000800221505002000229530000900249620015900258630004300417730004300460100315s9999 xx 000 0 und d b397 a658.785  a"Kapoor, Narindar N. " aStores Procedures: Material Management aNew Delhi bCareers Digest  c1973  a"XVI,312p.  " eRupees d1 b25.00  f0  gTushar Jadhav  b-   a"Organisation & Duties, Assessment of Requirements & indenting, procurement of Stores, Inventory Control, Packing of Stores, Sales & Disposal of Stores " aStores Procedures: Material Management aStores Procedures: Material Management